La economía de los países subdesarrollados /
Guardado en:
| Autor Principal: | |
|---|---|
| Formato: | Libro |
| Publicado: |
Madrid :
Guadarrama,
1965
|
| Materias: | |
| Etiquetas: |
Agregar Etiqueta
Sin Etiquetas, Sea el primero en etiquetar este registro!
|
| LEADER | 00684nam a22002055a 4500 | ||
|---|---|---|---|
| 001 | CEM.cems001039 | ||
| 005 | 20060213000000.0 | ||
| 008 | 130507s1965##################000#0#####d | ||
| 003 | CEMS | ||
| 082 | 0 | 4 | |a 338.9 |
| 100 | 1 | |a Bhagwati, Jagdish | |
| 245 | 1 | 0 | |a La economía de los países subdesarrollados / |
| 260 | |a Madrid : |b Guadarrama, |c 1965 | ||
| 300 | |a 247 p. | ||
| 505 | 0 | |a a tecnologia, Reduccion del indice de natalidad, Política económica de desarrollo; El marco internacional | |
| 653 | |a Comercio mundial | ||
| 653 | |a Politica economica-tercer mund | ||
| 653 | |a Subdesarrollo | ||
| 653 | |a Tercer mundo-economia | ||
| 859 | |a CEMS |b BIB. CEMS - 11 de abril |h 338.9 |i B469 |p 2926.74 |t Ej.1 | ||
